[Event "MCR senioru 2014 - nad 60 let"]
[Site "Rychnov nad Kneznou"]
[Date "2014.08.23"]
[Round "8.23"]
[White "Tsapanidis, Vasilis"]
[Black "Zapletal, Milan"]
[Result "1/2-1/2"]
[WhiteElo "1780"]
[BlackElo "1844"]
[PlyCount "56"]
[EventDate "2014.08.16"]

1. c4 Nf6 2. Nf3 d5 3. d4 e6 4. Bg5 Nbd7 5. Nc3 c6 6. e3 Qa5 7. a3 Ne4 8. Qa4
Qxa4 9. Nxa4 Bd6 10. c5 Bc7 11. Bh4 e5 12. Rc1 O-O 13. b4 a6 14. Be2 h6 15. Nb2
exd4 16. Nxd4 Ndf6 17. Nd3 Bd7 18. f3 Ng5 19. O-O Rae8 20. Bf2 g6 21. Rce1 Kg7
22. Bd1 Re7 23. h4 Ne6 24. Nc2 Rfe8 25. g4 a5 26. Kg2 axb4 27. axb4 Ra8 28. Bg3
Bxg3 1/2-1/2

[Event "MCR senioru 2014 - nad 60 let"]
[Site "Rychnov nad Kneznou"]
[Date "2014.08.23"]
[Round "8.24"]
[White "Pittermann, Jan"]
[Black "Švec, Ludìk"]
[Result "1-0"]
[WhiteElo "1838"]
[BlackElo "1693"]
[PlyCount "125"]
[EventDate "2014.08.16"]

1. c4 Nf6 2. g3 e6 3. Bg2 d5 4. cxd5 exd5 5. d3 Bb4+ 6. Bd2 Bd6 7. Nf3 O-O 8.
O-O Re8 9. Re1 Nc6 10. a3 d4 11. Qc2 Be6 12. b4 a6 13. Bc1 Qd7 14. Bb2 Rac8 15.
Nbd2 Bg4 16. Nb3 Bf8 17. Nfxd4 Nxd4 18. Bxd4 c6 19. Bc5 Bxc5 20. Nxc5 Qe7 21.
e3 Rc7 22. Rac1 h5 23. h3 Bc8 24. e4 Qe5 25. Qd2 Rd8 26. Rcd1 Nh7 27. d4 Qg5
28. Qxg5 Nxg5 29. h4 Nh7 30. Re3 Nf8 31. Red3 Ng6 32. f4 Bg4 33. Bf3 Bxf3 34.
Rxf3 Ne7 35. f5 Nc8 36. e5 Rd5 37. Nb3 Kf8 38. Re1 Nb6 39. Rc1 Na4 40. Rc2 Ke8
41. Kf2 Nb6 42. Ke3 f6 43. e6 Nc8 44. Rc5 Ne7 45. Rxd5 cxd5 46. Nc5 Nc8 47. Kd3
Ke7 48. a4 Nd6 49. Rf2 Ke8 50. Rf4 Ke7 51. a5 Ke8 52. Rf2 Ke7 53. Rf4 Ke8 54.
Ke3 Nb5 55. Rf1 Na7 56. Nd3 Rc8 57. Nc1 Nc6 58. Nd3 Kd8 59. Nf4 Nxb4 60. Nxh5
Nc6 61. Nxg7 Nxa5 62. h5 Ke7 63. h6 1-0

[Event "MCR senioru 2014 - nad 60 let"]
[Site "Rychnov nad Kneznou"]
[Date "2014.08.23"]
[Round "8.25"]
[White "Pokorný, Jan"]
[Black "Vlachopulos, Elefteris"]
[Result "1-0"]
[WhiteElo "1866"]
[BlackElo "1776"]
[PlyCount "57"]
[EventDate "2014.08.16"]

1. e4 c5 2. Bc4 e6 3. c3 d5 4. Bb5+ Nc6 5. Bxc6+ bxc6 6. e5 Qg5 7. Nf3 Qxg2 8.
Rg1 Qh3 9. Rg3 Qf5 10. Qe2 h6 11. d4 c4 12. Nh4 Qh7 13. a4 c5 14. Be3 cxd4 15.
Bxd4 Ne7 16. Na3 a6 17. Qc2 Nc6 18. Qxh7 Rxh7 19. Nc2 Rb8 20. Ra2 g6 21. a5 h5
22. Re3 Bh6 23. Re2 Rb3 24. Bb6 Bc1 25. Na1 Rb5 26. Nf3 g5 27. Kd1 Bf4 28. Nc2
Rxb6 29. axb6 1-0

[Event "MCR senioru 2014 - nad 70 let"]
[Site "Rychnov nad Kneznou"]
[Date "2014.08.23"]
[Round "8.1"]
[White "Mesiarik, Rudolf"]
[Black "Jacek, Miloslav"]
[Result "1-0"]
[WhiteElo "2136"]
[BlackElo "2030"]
[PlyCount "79"]
[EventDate "2014.??.??"]

1. Nf3 c5 2. c4 g6 3. Nc3 Bg7 4. g3 Nc6 5. Bg2 e5 6. O-O Nge7 7. d3 O-O 8. Nd5
d6 9. a3 Nxd5 10. cxd5 Ne7 11. Ne1 b5 12. a4 Bb7 13. e4 a6 14. f4 f6 15. Nf3 h6
16. Qb3 Qb6 17. Be3 Kh7 18. h4 Rab8 19. axb5 axb5 20. Qc2 b4 21. Nd2 Ba6 22.
Bh3 Qb7 23. Ra5 Bb5 24. Nc4 Bxc4 25. Qxc4 Ra8 26. Rfa1 Rxa5 27. Rxa5 Ra8 28.
Qa2 Rxa5 29. Qxa5 Qb8 30. fxe5 fxe5 31. b3 Ng8 32. Be6 Nf6 33. Qa4 Bf8 34. g4
Ne8 35. Qd7+ Bg7 36. Bf7 Nf6 37. Qe6 Qa7 38. g5 Qa1+ 39. Kg2 Qe1 40. Bf2 1-0

[Event "MCR senioru 2014 - nad 70 let"]
[Site "Rychnov nad Kneznou"]
[Date "2014.08.23"]
[Round "8.2"]
[White "Slechta, Karel"]
[Black "Zeman, Ladislav"]
[Result "0-1"]
[WhiteElo "1874"]
[BlackElo "1870"]
[PlyCount "164"]
[EventDate "2014.??.??"]

1. e4 e5 2. Nf3 Nc6 3. Bb5 d6 4. d4 Bd7 5. O-O exd4 6. Nxd4 Be7 7. Nc3 Nxd4 8.
Bxd7+ Qxd7 9. Qxd4 Bf6 10. Qe3 Ne7 11. Nd5 Nxd5 12. exd5+ Qe7 13. Qxe7+ Kxe7
14. c3 Rhe8 15. Bd2 Kd7 16. Rfe1 Re5 17. Rxe5 dxe5 18. Re1 Re8 19. f3 Bd8 20.
c4 g6 21. Bc3 f6 22. Re4 c6 23. dxc6+ Kxc6 24. f4 Bc7 25. fxe5 fxe5 26. Kf2 Kd7
27. h3 Ke6 28. g4 Rf8+ 29. Ke2 Rf7 30. b3 a6 31. Bb2 Re7 32. Ba3 Re8 33. Bb2
Rh8 34. Kf3 h5 35. c5 hxg4+ 36. Rxg4 Rxh3+ 37. Kg2 Rh7 38. Rxg6+ Kf5 39. Rg8
Ke4 40. Re8 Rd7 41. Kf1 Kf3 42. Rf8+ Ke3 43. Rf2 Rd1+ 44. Kg2 Rd7 45. Bc1+ Ke4
46. Re2+ Kf5 47. Rf2+ Ke6 48. Kf3 Rh7 49. Rg2 Kd5 50. Be3 Rh3+ 51. Ke2 Rh7 52.
Kd3 Ba5 53. a3 Bc7 54. Rg5 Bd8 55. Rg6 e4+ 56. Kc3 Ba5+ 57. b4 Bc7 58. Rg5+
Be5+ 59. Kd2 Ke6 60. Rg6+ Kf5 61. Rg5+ Kf6 62. Rg4 Rh2+ 63. Kd1 Rh3 64. Ke2 Kf5
65. Rg5+ Ke6 66. Rg6+ Kd5 67. Rg5 Rf3 68. Rh5 Rf6 69. Bd2 Rf3 70. Be3 Ke6 71.
Rh6+ Bf6 72. Bd4 Ke7 73. Rh7+ Ke6 74. Bxf6 Kxf6 75. Rxb7 Rxa3 76. c6 Ke5 77.
Rh7 Rc3 78. c7 Kd5 79. Kd2 Rc6 80. Rh5+ Kd6 81. Rh6+ Kxc7 82. Rxc6+ Kxc6 0-1

[Event "MCR senioru 2014 - nad 70 let"]
[Site "Rychnov nad Kneznou"]
[Date "2014.08.23"]
[Round "8.3"]
[White "Zamecnik, Bohumir"]
[Black "Vitek, Vaclav"]
[Result "1-0"]
[WhiteElo "1852"]
[BlackElo "2049"]
[PlyCount "57"]
[EventDate "2014.??.??"]

1. c4 d6 2. g3 g6 3. Bg2 Bg7 4. e4 e5 5. Nc3 Nc6 6. d3 Nge7 7. Nge2 O-O 8. O-O
Bd7 9. Rb1 b6 10. b4 Qc8 11. b5 Nd8 12. Bg5 f6 13. Be3 Be6 14. Nd5 Rf7 15. d4
a5 16. f4 Nb7 17. Qd2 Qd8 18. h3 Bxd5 19. cxd5 f5 20. dxe5 dxe5 21. fxe5 Bxe5
22. exf5 Nxf5 23. d6 Nbxd6 24. Bd5 Rb8 25. Bg5 Qf8 26. g4 Ne4 27. Bxe4 Qc5+ 28.
Kg2 h6 29. gxf5 1-0

[Event "MCR senioru 2014 - nad 70 let"]
[Site "Rychnov nad Kneznou"]
[Date "2014.08.23"]
[Round "8.4"]
[White "Most, Zdenek"]
[Black "Bielavsky, Jiri"]
[Result "1/2-1/2"]
[WhiteElo "2037"]
[BlackElo "2031"]
[PlyCount "23"]
[EventDate "2014.??.??"]

1. d4 d5 2. Nf3 Nf6 3. g3 e6 4. Bg2 Be7 5. c4 O-O 6. O-O dxc4 7. Ne5 Nc6 8.
Nxc6 bxc6 9. Bxc6 Rb8 10. Bg2 Bb7 11. Nc3 Bxg2 12. Kxg2 1/2-1/2

[Event "MCR senioru 2014 - nad 70 let"]
[Site "Rychnov nad Kneznou"]
[Date "2014.08.23"]
[Round "8.5"]
[White "Kudera, Jiri"]
[Black "Volf, Jaroslav"]
[Result "0-1"]
[WhiteElo "1843"]
[BlackElo "2074"]
[PlyCount "108"]
[EventDate "2014.??.??"]

1. f4 e5 2. fxe5 d6 3. exd6 Bxd6 4. Nf3 g5 5. d4 g4 6. Ng5 f5 7. e4 h6 8. e5
Be7 9. Nh3 gxh3 10. Qh5+ Kf8 11. Bc4 Qe8 12. Qxh3 Qg6 13. O-O Nc6 14. c3 Kg7
15. Bd3 Bg5 16. Na3 Nge7 17. Nb5 Nd5 18. Bxf5 Bxf5 19. Qxf5 Qxf5 20. Rxf5 Raf8
21. Rxf8 Rxf8 22. Bxg5 hxg5 23. Re1 a6 24. Na3 b5 25. Nc2 Na5 26. Ne3 Nxe3 27.
Rxe3 Nc4 28. Re2 a5 29. h3 Nb6 30. e6 Kf6 31. Re5 c6 32. Rc5 Rc8 33. b3 a4 34.
c4 bxc4 35. bxc4 Kxe6 36. Kh2 Kd6 37. Kg3 a3 38. Kg4 Re8 39. Rxg5 Nxc4 40. Kf3
Re3+ 41. Kf2 Rd3 42. h4 Rd2+ 43. Kf3 Rxa2 44. Rg8 Rb2 45. Ra8 Rb5 46. Ra4 Ra5
47. Rxc4 a2 48. Rc1 a1=Q 49. Rxa1 Rxa1 50. Kf4 Ra5 51. g4 Ke6 52. g5 Kf7 53. h5
Kg7 54. Kg4 Rd5 0-1

[Event "MCR senioru 2014 - nad 70 let"]
[Site "Rychnov nad Kneznou"]
[Date "2014.08.23"]
[Round "8.6"]
[White "Bohuslav, Jan"]
[Black "Laszkiewicz, Jerzy"]
[Result "1-0"]
[WhiteElo "1964"]
[BlackElo "1949"]
[PlyCount "51"]
[EventDate "2014.??.??"]

1. e4 c5 2. Nf3 Nc6 3. c4 e5 4. g3 g6 5. Bg2 Bg7 6. Nc3 d6 7. d3 Nge7 8. O-O
O-O 9. h3 Nd4 10. Kh2 a6 11. Bg5 Be6 12. Nd5 f6 13. Be3 b5 14. b3 Nxf3+ 15.
Bxf3 Nxd5 16. cxd5 Bd7 17. Rc1 b4 18. Bg2 f5 19. f4 fxe4 20. dxe4 Qe7 21. Qc2
exf4 22. gxf4 Bc3 23. a4 Rac8 24. Bd2 Bg7 25. Qc4 a5 26. e5 1-0

[Event "MCR senioru 2014 - nad 70 let"]
[Site "Rychnov nad Knìžnou"]
[Date "2014.08.23"]
[Round "8.7"]
[White "Folta, Jaroslav"]
[Black "Mutina, Antonín"]
[Result "1-0"]
[WhiteElo "1847"]
[BlackElo "1970"]
[PlyCount "139"]
[EventDate "2014.08.18"]

1. d4 Nf6 2. Nf3 e6 3. Bf4 b6 4. e3 Bb7 5. Bd3 Be7 6. h3 O-O 7. Nbd2 Nd5 8. Bg3
f5 9. O-O f4 10. exf4 Nxf4 11. Bc4 a5 12. c3 Na6 13. Bxf4 Rxf4 14. Qe2 Qf8 15.
Bd3 Bd6 16. Ne5 Bxe5 17. Qxe5 Qf6 18. Qxf6 Rxf6 19. Be4 Bxe4 20. Nxe4 Rf4 21.
f3 Raf8 22. Rae1 Nb8 23. Nf2 Nc6 24. Nd3 R4f5 25. Ne5 Nxe5 26. Rxe5 Rxe5 27.
dxe5 Kf7 28. f4 Ke7 29. g3 d6 30. Re1 d5 31. Kf2 c5 32. Ke3 b5 33. Ra1 Rd8 34.
Rd1 Rg8 35. g4 g6 36. h4 Rf8 37. g5 b4 38. h5 Kf7 39. Rh1 Kg7 40. cxb4 axb4 41.
a3 bxa3 42. bxa3 Rb8 43. h6+ Kf7 44. Kd3 Rb3+ 45. Kc2 Rxa3 46. Rb1 Ra7 47. Rb8
Ra4 48. Rb7+ Kf8 49. Rxh7 Rxf4 50. Rg7 Rh4 51. Rxg6 Rh5 52. Rg7 Rh2+ 53. Kd1
Rh4 54. Ke2 c4 55. Kf3 c3 56. Kg3 Rh1 57. Rc7 d4 58. Kf3 Rh5 59. Kf4 Rh1 60.
Ke4 Rh5 61. Kxd4 Rxg5 62. h7 Rh5 63. Kxc3 Rh4 64. Kd3 Rh1 65. Ke4 Rh5 66. Kf4
Rh1 67. Kg5 Rh2 68. Kg6 Rg2+ 69. Kf6 Rf2+ 70. Kxe6 1-0

[Event "MCR senioru 2014 - nad 70 let"]
[Site "Rychnov nad Knìžnou"]
[Date "2014.08.23"]
[Round "8.8"]
[White "Holeèek, Vladimír"]
[Black "Tobiška, Jaroslav"]
[Result "1-0"]
[WhiteElo "1969"]
[BlackElo "1704"]
[PlyCount "42"]
[EventDate "2014.08.18"]

1. Nf3 Nf6 2. b3 d6 3. d4 g6 4. Bb2 Bg7 5. g3 O-O 6. Bg2 Re8 7. O-O c6 8. c4
Nbd7 9. Nc3 c5 10. d5 Ne4 11. Qc2 Nxc3 12. Bxc3 Bxc3 13. Qxc3 Nf6 14. Nh4 Rb8
15. e4 b5 16. cxb5 Rxb5 17. f4 e6 18. dxe6 fxe6 19. f5 g5 20. fxe6 Rxe6 21. e5
Rxe5 1-0

[Event "MCR senioru 2014 - nad 70 let"]
[Site "Rychnov nad Knìžnou"]
[Date "2014.08.23"]
[Round "8.9"]
[White "Molendzki, Tomasz"]
[Black "Havrlík, Pavel"]
[Result "0-1"]
[WhiteElo "1823"]
[BlackElo "1879"]
[PlyCount "88"]
[EventDate "2014.08.18"]

1. e4 Nc6 2. d4 d5 3. e5 Bf5 4. c3 Qd7 5. f4 h5 6. h4 g6 7. Nd2 Nh6 8. b4 e6 9.
Nb3 Be7 10. Nf3 Bg4 11. Nc5 Bxc5 12. bxc5 O-O 13. Rb1 Na5 14. Bb5 c6 15. Bd3
Nf5 16. Kf2 Rfb8 17. a4 b6 18. Ba3 Nc4 19. Bxc4 dxc4 20. Qe2 b5 21. Qd2 Bxf3
22. gxf3 Ne7 23. Kg3 Nd5 24. Rh2 a5 25. axb5 cxb5 26. Qe1 b4 27. cxb4 axb4 28.
Bxb4 Nxb4 29. Rxb4 Qxd4 30. Qb1 Rc8 31. c6 Rxc6 32. Rb8+ Rc8 33. Rb4 Ra1 34.
Qb2 Qg1+ 35. Rg2 Qe1+ 36. Kh3 c3 37. Qc2 Qe3 38. Rxg6+ Kf8 39. Rg2 Rh1+ 40. Kg3
Rg1 41. Re4 Qc5 42. Ree2 Ke7 43. Kh3 Qc4 44. f5 exf5 0-1

[Event "MCR senioru 2014 - nad 70 let"]
[Site "Rychnov nad Knìžnou"]
[Date "2014.08.23"]
[Round "8.10"]
[White "Blazek, Jaroslav"]
[Black "Pavlù, Jiøí"]
[Result "1/2-1/2"]
[WhiteElo "1701"]
[BlackElo "1870"]
[PlyCount "30"]
[EventDate "2014.08.18"]

1. e4 e6 2. Qe2 c5 3. d3 Nc6 4. Nf3 d6 5. g3 Nf6 6. Bg2 Be7 7. O-O e5 8. c3 O-O
9. Nbd2 h6 10. Nc4 Be6 11. Ne3 h5 12. Nf5 Bxf5 13. exf5 Rc8 14. Rd1 Re8 15. a3
a6 1/2-1/2

[Event "MCR senioru 2014 - nad 70 let"]
[Site "Rychnov nad Knìžnou"]
[Date "2014.08.23"]
[Round "8.11"]
[White "Glembek, Bohumír"]
[Black "Zikmund, Jaroslav"]
[Result "1/2-1/2"]
[WhiteElo "1779"]
[BlackElo "1852"]
[PlyCount "91"]
[EventDate "2014.08.18"]

1. d4 Nf6 2. c4 e6 3. Nc3 d5 4. Bg5 Be7 5. Nf3 h6 6. Bh4 O-O 7. e3 Nbd7 8. Rc1
a6 9. cxd5 exd5 10. Bd3 Nb6 11. O-O Bg4 12. h3 Bh5 13. g4 Bg6 14. Bxg6 fxg6 15.
Ne5 g5 16. Bg3 Nfd7 17. Ng6 Rf7 18. Nxe7+ Rxe7 19. Qb3 Nf6 20. Be5 c6 21. Bxf6
gxf6 22. Ne2 Nc4 23. Qc2 Kg7 24. Ng3 Nd6 25. Qc5 Rd7 26. b3 Qf8 27. Qc2 f5 28.
gxf5 Rf7 29. f6+ Kxf6 30. Nh5+ Ke7 31. f4 Ne4 32. Rf3 Qg8 33. Qg2 Raf8 34. Rcf1
gxf4 35. Rxf4 Rxf4 36. Nxf4 Qxg2+ 37. Kxg2 Rg8+ 38. Kh2 Rg3 39. Ng2 Rg7 40. Nf4
b5 41. Rc1 Kd6 42. Rc2 b4 43. Nd3 a5 44. Ne5 Nc3 45. Rf2 Re7 46. Rf6+ 1/2-1/2

[Event "MCR senioru 2014 - nad 70 let"]
[Site "Rychnov nad Knìžnou"]
[Date "2014.08.23"]
[Round "8.12"]
[White "Strakoš, Tomáš"]
[Black "Neubauer, Vilém"]
[Result "1-0"]
[WhiteElo "1780"]
[BlackElo "1829"]
[PlyCount "47"]
[EventDate "2014.08.18"]

1. d4 g6 2. c4 Bg7 3. Nf3 f5 4. g3 d6 5. Bg2 Nc6 6. d5 Ne5 7. Nxe5 dxe5 8. e4
f4 9. Nc3 fxg3 10. hxg3 e6 11. Qe2 Ne7 12. Bh6 Bxh6 13. Rxh6 c6 14. Rd1 exd5
15. exd5 Nf5 16. dxc6 Qc7 17. cxb7 Bxb7 18. Bxb7 Rb8 19. Nd5 Qc5 20. Qxe5+ Kf7
21. Qf6+ Kg8 22. Rxg6+ hxg6 23. Qxg6+ Kf8 24. Qxf5+ 1-0

[Event "MCR senioru 2014 - nad 50 let"]
[Site "Rychnov nad Kneznou"]
[Date "2014.08.24"]
[Round "9.1"]
[White "Zmeskal, Stanislav"]
[Black "Shilov, Sergej"]
[Result "0-1"]
[WhiteElo "1691"]
[BlackElo "2141"]
[PlyCount "68"]
[EventDate "2014.??.??"]

1. e4 g6 2. d4 Bg7 3. c3 d6 4. Bd3 c5 5. Ne2 Nf6 6. O-O O-O 7. f3 Nc6 8. Be3
cxd4 9. Nxd4 Ne5 10. c4 a6 11. Nc3 Bd7 12. Be2 Rc8 13. Qb3 Qa5 14. a4 Qc7 15.
Nd5 Nxd5 16. cxd5 Nc4 17. Rfc1 Bxd4 18. Rxc4 Bxe3+ 19. Qxe3 Qb8 20. Rac1 Rxc4
21. Rxc4 Rc8 22. b3 Rxc4 23. Bxc4 Qc7 24. h3 b5 25. axb5 axb5 26. Be2 Qa5 27.
Kh2 f6 28. f4 b4 29. Bc4 Bb5 30. Qd4 Bxc4 31. Qxc4 Qc5 32. Qd3 Qc3 33. Qb1 Qe3
34. g3 Qf2+ 0-1

[Event "MCR senioru 2014 - nad 50 let"]
[Site "Rychnov nad Kneznou"]
[Date "2014.08.24"]
[Round "9.2"]
[White "Masek, Jan"]
[Black "Malinovsky, Petr"]
[Result "0-1"]
[WhiteElo "1930"]
[BlackElo "1995"]
[PlyCount "128"]
[EventDate "2014.??.??"]

1. e4 c5 2. Bc4 e6 3. Qe2 Nc6 4. Nf3 Nf6 5. Bb3 d5 6. e5 Nd7 7. O-O a6 8. c3 c4
9. Bc2 g6 10. d4 cxd3 11. Bxd3 Bg7 12. Re1 Ndxe5 13. Nxe5 Nxe5 14. Bf4 Nxd3 15.
Qxd3 O-O 16. Nd2 f6 17. Nb3 e5 18. Be3 b6 19. Rad1 Bb7 20. f4 Qc7 21. Qd2 Rf7
22. Qf2 b5 23. Rf1 Re8 24. Bb6 Qc8 25. fxe5 Rxe5 26. Bd4 Rf5 27. Qe2 Rxf1+ 28.
Rxf1 Bc6 29. Nc5 Bd7 30. Re1 Bf5 31. h3 Bf8 32. Qe8 Kg7 33. Qxc8 Bxc8 34. Re8
Bxc5 35. Bxc5 Bb7 36. Bd4 g5 37. g4 Kg6 38. Re6 h5 39. gxh5+ Kxh5 40. Rxf6 Rxf6
41. Bxf6 Bc8 42. Kf2 Bxh3 43. Kg3 Be6 44. b3 Kg6 45. Bd8 Kf5 46. a4 d4 47. cxd4
Bxb3 48. axb5 axb5 49. Be7 g4 50. Bd6 Be6 51. Bb4 Ke4 52. Bc5 Bd7 53. Kf2 Kd3
54. Ke1 Kc4 55. Kd2 g3 56. Bd6 g2 57. Bh2 Kxd4 58. Bg1+ Kc4 59. Kc2 Bf5+ 60.
Kd2 b4 61. Bh2 b3 62. Kc1 Kd3 63. Bg1 Ke2 64. Kb2 Be6 1-0

[Event "MCR senioru 2014 - nad 50 let"]
[Site "Rychnov nad Kneznou"]
[Date "2014.08.24"]
[Round "9.3"]
[White "Lorenc, Oldrich"]
[Black "Chladek, Vaclav"]
[Result "1/2-1/2"]
[WhiteElo "2081"]
[BlackElo "2044"]
[PlyCount "21"]
[EventDate "2014.??.??"]

1. c4 Nf6 2. Nc3 d5 3. cxd5 Nxd5 4. g3 c6 5. Bg2 g6 6. Nf3 Bg7 7. O-O O-O 8. d4
Nd7 9. e4 Nxc3 10. bxc3 e5 11. Bg5 1/2-1/2

[Event "MCR senioru 2014 - nad 50 let"]
[Site "Rychnov nad Kneznou"]
[Date "2014.08.24"]
[Round "9.4"]
[White "Vlachopulos, Georgis"]
[Black "Urban, Zdenek"]
[Result "0-1"]
[WhiteElo "1952"]
[BlackElo "2152"]
[PlyCount "56"]
[EventDate "2014.??.??"]

1. e4 d6 2. Nf3 Nf6 3. Nc3 e5 4. d4 Nbd7 5. Bc4 Be7 6. O-O O-O 7. Qe2 c6 8. a4
b6 9. h3 Bb7 10. Be3 a6 11. Rad1 b5 12. dxe5 dxe5 13. axb5 axb5 14. Bb3 Qc7 15.
Bg5 Nc5 16. Bxf6 Bxf6 17. Nd2 Nxb3 18. cxb3 Qb6 19. Rfe1 Bc8 20. Nf3 Be6 21.
Rd6 Qc5 22. Qd2 Be7 23. Rd3 Rfd8 24. Rc1 Rxd3 25. Qxd3 Bxb3 26. Ne2 Bc4 27. Qd7
Qd6 28. Qb7 Rb8 0-1

[Event "MCR senioru 2014 - nad 50 let"]
[Site "Rychnov nad Kneznou"]
[Date "2014.08.24"]
[Round "9.6"]
[White "Vorel, Bohuslav"]
[Black "Papáèek, Miloš"]
[Result "1/2-1/2"]
[WhiteElo "1633"]
[BlackElo "1761"]
[PlyCount "39"]
[EventDate "2014.08.16"]

1. d4 Nf6 2. c4 g6 3. Nc3 d6 4. e4 Bg7 5. f3 c6 6. Be3 Na6 7. Qd2 Nc7 8. Bd3
Bd7 9. Nge2 e5 10. d5 c5 11. O-O Qe7 12. a3 Rb8 13. b4 b6 14. Rab1 O-O 15. Bc2
h5 16. bxc5 bxc5 17. Rxb8 Rxb8 18. Rb1 Qd8 19. Qd1 Nh7 20. Rxb8 1/2-1/2

[Event "MCR senioru 2014 - nad 50 let"]
[Site "Rychnov nad Kneznou"]
[Date "2014.08.24"]
[Round "9.7"]
[White "Kubelová, Soòa"]
[Black "Pøívozník, Luboš"]
[Result "0-1"]
[WhiteElo "1624"]
[BlackElo "1632"]
[PlyCount "69"]
[EventDate "2014.08.16"]

1. d4 d5 2. c4 e6 3. e3 Nf6 4. b3 Be7 5. Bb2 b6 6. Nd2 Ba6 7. Ngf3 Nbd7 8. Rc1
c6 9. Bd3 dxc4 10. Nxc4 Bb4+ 11. Ke2 Rc8 12. a3 Be7 13. b4 Nd5 14. Qa4 Bxc4 15.
Bxc4 b5 16. Bxb5 cxb5 17. Qxb5 O-O 18. g3 N7b6 19. Ne5 Bd6 20. Nc6 Qd7 21. Nxa7
Qxa7 22. e4 Nc7 23. Qg5 Qa6+ 24. Ke1 Qd3 25. e5 Qe4+ 26. Kd2 h6 27. Qh5 Be7 28.
h4 Ncd5 29. Rhe1 Qg6 30. Qe2 Rxc1 31. Rxc1 Rc8 32. Rxc8+ Nxc8 33. Qa6 Ncb6 34.
b5 Nc4+ 35. Kc1 0-1

[Event "MCR senioru 2014 - nad 50 let"]
[Site "Rychnov nad Kneznou"]
[Date "2014.08.24"]
[Round "9.8"]
[White "Cvejn, Jaroslav"]
[Black "Nìmec, Otakar"]
[Result "1/2-1/2"]
[WhiteElo "1733"]
[BlackElo "1866"]
[PlyCount "158"]
[EventDate "2014.08.16"]

1. e4 c5 2. Nf3 Nc6 3. Nc3 e5 4. Be2 Nf6 5. O-O Be7 6. Bc4 O-O 7. d3 d6 8. h3
Be6 9. Bb3 d5 10. Ng5 Qd7 11. exd5 Bxd5 12. Nxd5 Nxd5 13. c3 Bxg5 14. Bxg5 Kh8
15. Qf3 Rad8 16. Bxd8 Rxd8 17. Bxd5 Qxd5 18. Qxd5 Rxd5 19. Rad1 Kg8 20. f4 f6
21. fxe5 fxe5 22. Rfe1 Kf7 23. Re4 Kf6 24. Kf2 Kf5 25. Ke3 Rd7 26. Rf1+ Ke6 27.
a3 a5 28. Rf8 Ke7 29. Rc8 Kd6 30. Rh8 h6 31. Rf8 Ke7 32. Rf5 Ke6 33. Rf8 Ke7
34. Ra8 Kd6 35. Rg4 Ke6 36. Rg6+ Kf5 37. Rxc6 bxc6 38. Rxa5 Rb7 39. b4 cxb4 40.
cxb4 Rd7 41. Rc5 Rd6 42. g4+ Ke6 43. Ra5 Rd7 44. Ra6 Kd5 45. Ra5+ Ke6 46. Rc5
Kd6 47. Ke4 Ra7 48. Ra5 Re7 49. Ra8 Rf7 50. Ra5 Rf1 51. Rc5 Rf4+ 52. Ke3 Rf1
53. a4 Re1+ 54. Kf2 Rh1 55. Kg2 Rd1 56. Rc3 Rb1 57. b5 cxb5 58. axb5 Rxb5 59.
Ra3 Rb7 60. Kf3 Kd5 61. Ra5+ Kd4 62. Ra3 Rc7 63. Ke2 Rc2+ 64. Ke1 Ke3 65. d4+
Kxd4 66. Ra4+ Ke3 67. Ra3+ Kf4 68. Kf1 e4 69. Rb3 e3 70. Rb7 Kf3 71. Rf7+ Kg3
72. Rxg7 Kxh3 73. g5 h5 74. g6 h4 75. Re7 Rf2+ 76. Ke1 Rg2 77. Rxe3+ Kg4 78. g7
Kf4 79. Rh3 Rxg7 1/2-1/2

[Event "MCR senioru 2014 - nad 60 let"]
[Site "Rychnov nad Kneznou"]
[Date "2014.08.24"]
[Round "9.4"]
[White "Uhmann, Jan"]
[Black "Zboril, Jaroslav"]
[Result "1/2-1/2"]
[WhiteElo "2094"]
[BlackElo "1973"]
[PlyCount "88"]
[EventDate "2014.??.??"]

1. d4 d6 2. Bg5 h6 3. Bh4 c5 4. d5 g5 5. Bg3 Bg7 6. c3 Nf6 7. f3 Qb6 8. b3 a5
9. a4 c4 10. e4 Qxb3 11. Ra3 Qxd1+ 12. Kxd1 Nh5 13. Bf2 Nf4 14. Kc2 e6 15. dxe6
Bxe6 16. g3 Ng6 17. Nd2 Ne5 18. h3 d5 19. exd5 Bxd5 20. Rh2 Nbd7 21. Bd4 O-O
22. f4 Nd3 23. Bxd3 cxd3+ 24. Kxd3 Rac8 25. fxg5 hxg5 26. Ngf3 Bxd4 27. cxd4 f6
28. Re2 Rfe8 29. Ne1 Rxe2 30. Kxe2 Nb6 31. Nd3 Re8+ 32. Kf2 Nc4 33. Nxc4 Bxc4
34. Rc3 Bxd3 35. Rxd3 Rc8 36. Rb3 Rc4 37. Ke3 Rxa4 38. Rxb7 Ra3+ 39. Ke4 Rxg3
40. d5 Kf8 41. d6 Ke8 42. Kf5 Rf3+ 43. Ke6 Re3+ 44. Kxf6 Rxh3 1/2-1/2

[Event "MCR senioru 2014 - nad 60 let"]
[Site "Rychnov nad Kneznou"]
[Date "2014.08.24"]
[Round "9.5"]
[White "Just, Pavel"]
[Black "Jerman, Richard"]
[Result "0-1"]
[WhiteElo "2013"]
[BlackElo "2090"]
[PlyCount "96"]
[EventDate "2014.??.??"]

1. e4 c6 2. d4 g6 3. Bd3 d5 4. e5 h5 5. Ne2 Nh6 6. O-O Bf5 7. Nf4 e6 8. Nc3
Bxd3 9. Qxd3 Nf5 10. Nce2 Nd7 11. Ng3 Ne7 12. h4 c5 13. c3 Rg8 14. Nh3 Nc6 15.
Ng5 Be7 16. f4 cxd4 17. cxd4 Qb6 18. Be3 Bxg5 19. fxg5 Kf8 20. Nxh5 gxh5 21.
Rxf7+ Kxf7 22. Qh7+ Ke8 23. Qxg8+ Ke7 24. Qh7+ Kd8 25. g6 Kc7 26. g7 Qxb2 27.
Rc1 Qe2 28. Bg5 Qe4 29. g8=Q Qxd4+ 30. Kh1 Rxg8 31. Qxg8 Qxe5 32. Qf7 Qe2 33.
Bf4+ e5 34. Bg3 Qe3 35. Bxe5+ Qxe5 36. Rf1 d4 37. Qf3 a6 38. g4 hxg4 39. Qxg4
Qd5+ 40. Kg1 d3 41. h5 Nce5 42. Qg2 Qd4+ 43. Qf2 Qg4+ 44. Qg2 Qxh5 45. Rc1+ Kd6
46. Rb1 Qg4 47. Qxg4 Nxg4 48. Kf1 Nc5 0-1

[Event "MCR senioru 2014 - nad 60 let"]
[Site "Rychnov nad Kneznou"]
[Date "2014.08.24"]
[Round "9.6"]
[White "Trojan, Lubos"]
[Black "Pavlis, Jaromir"]
[Result "1/2-1/2"]
[WhiteElo "2032"]
[BlackElo "1948"]
[PlyCount "94"]
[EventDate "2014.??.??"]

1. d4 d5 2. Nf3 Nf6 3. Bf4 c6 4. Nbd2 Bf5 5. e3 e6 6. Be2 Bd6 7. Bxd6 Qxd6 8.
c3 Nbd7 9. Nh4 h6 10. Nxf5 exf5 11. c4 O-O 12. g3 c5 13. O-O cxd4 14. exd4 Qb6
15. c5 Qxb2 16. Nb3 Qa3 17. Bd3 g6 18. Qd2 Kg7 19. Rfb1 Ne4 20. Qc2 Qa4 21. f3
Nef6 22. Qc3 Rac8 23. Nd2 Qc6 24. Bb5 Qc7 25. Qb3 b6 26. Bxd7 Qxd7 27. cxb6
axb6 28. Qxb6 Rc2 29. Rd1 Qa4 30. a3 Re8 31. Qb4 Qxb4 32. axb4 Re2 33. Nf1 Rb2
34. Rab1 Nd7 35. Rdc1 Nb6 36. Rxb2 Rxb2 37. Ne3 Rxb4 38. Rd1 Rb2 39. h4 Kf6 40.
Kf1 Ke6 41. Ra1 Nc4 42. Ra6+ Rb6 43. Rxb6+ Nxb6 44. Ke2 Nc4 45. Nd1 h5 46. Nc3
Nd6 47. Ke3 Nc4+ 1/2-1/2

[Event "MCR senioru 2014 - nad 60 let"]
[Site "Rychnov nad Kneznou"]
[Date "2014.08.24"]
[Round "9.7"]
[White "Sobotnik, Petr"]
[Black "Novotny, Josef"]
[Result "0-1"]
[WhiteElo "1951"]
[BlackElo "2134"]
[PlyCount "122"]
[EventDate "2014.??.??"]

1. c4 e6 2. Nc3 d6 3. d4 g6 4. e4 Bg7 5. Nf3 Nf6 6. h3 O-O 7. Be3 Nc6 8. Qd2
Re8 9. Be2 e5 10. d5 Nd4 11. O-O-O c5 12. dxc6 bxc6 13. Nxd4 exd4 14. Bxd4 Nxe4
15. Nxe4 Rxe4 16. Bxg7 Kxg7 17. Qc3+ Kg8 18. Bf3 Re6 19. Bxc6 Rb8 20. Rhe1 Qb6
21. Bd5 Qxf2 22. Rf1 Qh4 23. Qf3 Qe7 24. Bxe6 Bxe6 25. b3 Qg5+ 26. Rd2 Qe5 27.
Rb2 Bxc4 28. Rff2 Bd5 29. Qe2 Be4 30. Qc4 d5 31. Qc5 Bf5 32. Rfe2 Qf4+ 33. Qe3
Qf1+ 34. Re1 Rc8+ 35. Kd1 Qb5 36. Qd4 Be4 37. Rf2 a5 38. Re3 Qc6 39. Rd2 Qc1+
40. Ke2 Bxg2 41. Kf2 Qf1+ 42. Kg3 Be4 43. Rxe4 dxe4 44. Rf2 Qe1 45. Qf6 Qc3+
46. Qxc3 Rxc3+ 47. Kf4 f5 48. Rd2 Kg7 49. Rd5 Rf3+ 50. Ke5 e3 51. Kd6 Kf6 52.
Re5 Rxh3 53. Re6+ Kg5 54. Kc5 f4 55. b4 axb4 56. Kxb4 Kf5 57. Re8 f3 58. Rxe3
f2 59. Rxh3 f1=Q 60. Rxh7 Qb1+ 61. Ka3 g5 0-1

[Event "MCR senioru 2014 - nad 60 let"]
[Site "Rychnov nad Kneznou"]
[Date "2014.08.24"]
[Round "9.8"]
[White "Hastik, Svatopluk"]
[Black "Grabow, Holm Pouelsten"]
[Result "1/2-1/2"]
[WhiteElo "2075"]
[BlackElo "2150"]
[PlyCount "24"]
[EventDate "2014.??.??"]

1. d4 Nf6 2. c4 e6 3. Nc3 d5 4. Bg5 Be7 5. Nf3 O-O 6. e3 h6 7. Bh4 Ne4 8. Bxe7
Qxe7 9. Bd3 Nxc3 10. bxc3 dxc4 11. Bxc4 b6 12. O-O Bb7 1/2-1/2